000 00296nam a2200133 i 4500
001 bg
245 0 _aAus Theorie und Praxis der Stahlbetobaues.
260 _aBerlin,
_c1969.
040 _cBPK
041 _apol
080 _a624.014.2
942 _cKS
008 s pl f |000 0 pol
999 _c8404
_d8404
856 _uhttp://koha.tu.koszalin.pl/cgi-bin/koha/opac-detail.pl?biblionumber=8404
_yKatalog online BPK